000 00400nam a2200181Ia 4500
001 15554
005 20260306170204.0
008 260306t2006||||xx |||||||||||||| ||und||
041 _aESP
082 _a546
_bH78
100 _aHousecroft, Catherine E.
_eAUT
245 0 _aQuímica inorgánica
260 _c2006
300 _a
_c
650 _aGEN
654 _aCCN
942 _cLIB
_dJUS
_fJUS
_2ddc
_n
999 _c15554
_d15554